000 01425 a2200289 4500
999 _c1541
_d1541
020 _a0073029920 (student edition : alk. paper)
020 _a9780073029924 (student edition : alk. paper)
020 _a0073229369 (student edition & educational sample annual report)
020 _a9780073229362 (student edition & educational sample annual report)
020 _a0073215376 Chapters 132 (instructor edition)
050 0 0 _aHF5635.PRI 2007
100 1 _aPrice, John Ellis.
245 1 0 _aCollege accounting /
_cJohn Ellis Price, M. David Haddock, Jr., Horace R. Brock.
250 _a11th ed.
264 _aBoston:
_bMcGraw hill.,
_c2007
300 _axlviii, 1119, [31] p. :
_bcol. ill. ;
500 _a"Chapters 1-32."
500 _aIncludes index.
500 _aIncludes 44 page booklet in a pocket.
650 0 _aAccounting.
700 1 _aHaddock, M. David.
700 1 _aBrock, Horace R.
856 4 1 _3Table of contents only
_uhttp://www.loc.gov/catdir/enhancements/fy0625/2005052297-t.html
856 4 2 _3Publisher description
_uhttp://www.loc.gov/catdir/enhancements/fy0804/2005052297-d.html
942 _2lcc
_cBK
_e11th
_h5635
_iPRI
_kHF